000 00954nam0a22002531 4500
001 rc\1162578
005 20260406004509.0
035 _a(NLR Aleph) 006406621
090 _a5302034
_c5302034
100 _a20041129d1980 |||y0rusy50 ca
101 0 _arus
102 _aRU
105 _aa |||||||||
200 1 _aАппараты с активными гидродинамическими режимами для сушки дисперсных волокнообразующих полимеров
_eКонспект лекций
210 _aМ.
_cМТИ
_d1980
215 _a43 с.
_cил.
_d20
300 _aВ надзаг.: Моск. текстил. ин-т
320 _aБиблиогр.: с. 42 (7 назв.)
700 1 _4070
_8rus
_7ca
_aСажин
_bБ. С.
_f1933-
_gБорис Степанович
_3RU\NLR\auth\77114020
_996945
801 0 _aRU
_bNLR
_gpsbo
801 1 _aRU
_bELAR
_2rusmarc
852 _aNLR
_j81-4/18037
942 _cBOOK
980 _aNB